Central Library OPAC University of Rajshahi

A centenary history of the Indian National Congress (1885-1985) / (Record no. 42296)

MARC details
000 -LEADER
fixed length control field 01394nam a2200313 a 4500
001 - CONTROL NUMBER
control field 42296
003 - CONTROL NUMBER IDENTIFIER
rucl marc code BD-RjUL
005 - DATE AND TIME OF LATEST TRANSACTION
control field 20211209053523.0
008 - FIXED-LENGTH DATA ELEMENTS--GENERAL INFORMATION
fixed length control field 161215s1985 ii a 001 0 eng d
035 ## - SYSTEM CONTROL NUMBER
System control number (BD-RjUL)42414
040 ## - CATALOGING SOURCE
Original cataloging agency BD-RjUL
Language of cataloging eng
Transcribing agency BD-RjUL
041 ## - LANGUAGE CODE
Language code of text/sound track or separate title eng
082 ## - DEWEY DECIMAL CLASSIFICATION NUMBER
Classification number 324.25408309
Edition number 23
Author mark and year CEN 1985
245 02 - TITLE STATEMENT
Title A centenary history of the Indian National Congress (1885-1985) /
Statement of responsibility, etc. Released by Rajib Gandhi
260 ## - PUBLICATION, DISTRIBUTION, ETC. (IMPRINT)
Place of publication, distribution, etc. New Delhi :
Name of publisher, distributor, etc. All India Congress Committee (I) ;
Place of publication, distribution, etc. New Delhi :
Name of publisher, distributor, etc. Vikas Pub. House,
Date of publication, distribution, etc. 1985
300 ## - PHYSICAL DESCRIPTION
Pagination v. :
Illustrations ill. ;
Size 25 cm
500 ## - GENERAL NOTE
General note "General editor, B.N. Pande"--Spine
General note Vols. 1-3: "Released by Shri Rajiv Gandhi at the Centenary Session held at Bombay on 28th December 1985."
504 ## - BIBLIOGRAPHY, ETC. NOTE
Bibliography, etc Includes bibliographies and index
505 0# - FORMATTED CONTENTS NOTE
Formatted contents note Contents: v. 1. 1885-1919 / edited by N.R. Ray -- v. 2. 1919-1935 / edited by Ravinder Kumar -- v. 3. 1935-1947 / edited by M.N. Das -- v. 4. 1947-1964 / edited by Iqbal Narain -- v. 5. 1964-1984
610 20 - SUBJECT ADDED ENTRY--CORPORATE NAME
Corporate name or jurisdiction name as entry element Indian National Congress
651 #0 - SUBJECT ADDED ENTRY--GEOGRAPHIC NAME
Geographic name India
General subdivision Politics and government
Chronological subdivision 1857-1919
9 (RLIN) 124245
Geographic name India
General subdivision Politics and government
Chronological subdivision 20th century
9 (RLIN) 128128
700 1# - ADDED ENTRY--PERSONAL NAME
Personal name Gandhi, Rajib
Personal name Pande, B. N.
710 2# - ADDED ENTRY--CORPORATE NAME
Corporate name or jurisdiction name as entry element Indian National Congress (I).
Subordinate unit All India Congress Committee.
9 (RLIN) 130074
942 ## - ADDED ENTRY ELEMENTS (KOHA)
Source of classification or shelving scheme Dewey Decimal Classification
Koha item type Books
Holdings
Lost status Source of classification or shelving scheme Damaged status Not for loan Collection code Permanent Location Current Location Shelving location Date acquired Total Checkouts Full call number Date last seen Copy number Koha item type
  Dewey Decimal Classification   Not For Loan Non-fiction Central Library, University of Rajshahi Central Library, University of Rajshahi Reading Room 16/04/2008   324.25408309 CEN V-1 1985 15/12/2016 C-1 Books
  Dewey Decimal Classification   Not For Loan Non-fiction Central Library, University of Rajshahi Central Library, University of Rajshahi Reading Room 16/04/2008   324.25408309 CEN V-2 1985 15/12/2016 C-1 Books
  Dewey Decimal Classification   Not For Loan Non-fiction Central Library, University of Rajshahi Central Library, University of Rajshahi Reading Room 16/04/2008   324.25408309 CEN V-3 1985 15/12/2016 C-1 Books